| 000 | 00952cam a2200241 4500 | ||
|---|---|---|---|
| 001 | sd 67000003 | ||
| 003 | DLC | ||
| 005 | 20260227112737.0 | ||
| 008 | 690603s1966 dcu 000 0 eng c | ||
| 010 | _asd 67000003 | ||
| 040 |
_aU.S. Dept. of State. Library _cDLC _dDLC |
||
| 050 | 0 | 0 |
_aJX1963 _b.R844 |
| 082 | 0 | 0 | _a341.1 |
| 100 | 1 |
_aRusk, Dean, _d1909-1994. |
|
| 245 | 1 | 0 | _aOrganizing the peace. |
| 260 |
_a[Washington] _bDept. of State; [for sale by the Supt. of Doc., U.S. Govt. Print. Off., _c1966] |
||
| 300 |
_a20 p. _c20 cm. |
||
| 490 | 1 | _aDepartment of State publication 8163. General foreign policy series, 217 | |
| 500 | _a"Address ... before the George C. Marshall Memorial Dinner of the Association of the United States Army, at Washington, D.C., on October 12, 1966." | ||
| 650 | 0 | _aPeace. | |
| 830 | 0 |
_aDepartment of State publication ; _v8163. |
|
| 830 | 0 |
_aDepartment of State publication. _pGeneral foreign policy series ; _v217. |
|
| 999 |
_c90110 _d90110 |
||